Nöjd? - Veronica Maggio låttext - Statistics

General Stats
  • This quiz has been taken 10 times
  • The average score is 262 of 457
Answer Stats
Answer % Correct
äcklig
100%
För
100%
för
100%
han
100%
Han
100%
jag
100%
Jag
100%
(Jag
100%
men
100%
Men
100%
min
100%
100%
Aldrig
86%
aldrig
86%
(Aldrig
86%
än
86%
direkt
86%
första
86%
förstå
86%
hans
86%
Hans
86%
i
86%
nöjd
86%
nöjd)
86%
tröttna
86%
vilken
86%
Vilken
86%
all
71%
andedräkt
71%
bättre
71%
71%
har
71%
Har
71%
kan
71%
kort
71%
med
71%
nån
71%
och
71%
sen
71%
år
57%
är
57%
blekna
57%
blir
57%
började
57%
bra
57%
charm
57%
dag
57%
dejta
57%
den
57%
det
57%
Det
57%
efter
57%
eller
57%
faktiskt
57%
Försvann
57%
förtjänar
57%
hur
57%
inte
57%
lång
57%
något
57%
nåt
57%
57%
sista
57%
smal
57%
till
57%
Usch
57%
var
57%
Var
57%
vem
57%
vill
57%
vill?
57%
allt
43%
Att
43%
att
43%
bred
43%
där?
43%
fel
43%
fixa
43%
från
43%
Från
43%
fungera
43%
hela
43%
herregud
43%
Ingen
43%
ingen
43%
irriterande
43%
kunde
43%
nätet
43%
provat
43%
rest
43%
Shanghai
43%
skulle
43%
spännande
43%
stör
43%
trodde
43%
världen
43%
alla
29%
alldeles
29%
bank
29%
bara
29%
Bara
29%
brukar
29%
bubbla
29%
chans
29%
definitivt
29%
Dom
29%
dom
29%
dryga
29%
dumma
29%
en
29%
fan
29%
fult
29%
gamla
29%
hitta
29%
hittar
29%
kyssar
29%
lovar
29%
man
29%
mig
29%
mjukna
29%
mustasch
29%
nej
29%
Nej
29%
Paris
29%
perfekt
29%
prat
29%
prins
29%
rätt
29%
rika
29%
Romantiska
29%
royalist
29%
ser
29%
skriver
29%
snygga
29%
som
29%
Som
29%
start
29%
surfat
29%
tics
29%
träffat
29%
unga
29%
vara
29%
Varför
29%
verkligen
29%
vet
29%
falskt
14%
funnits
14%
genomsnittsskräp
14%
gett
14%
groda
14%
humor?
14%
ingenting
14%
jeans
14%
jobbat
14%
kavaj
14%
kunnat
14%
läskig
14%
lat
14%
mindre
14%
möten
14%
nånstans
14%
När
14%
nöja
14%
överallt
14%
sinne
14%
sjunger
14%
ska
14%
slitna
14%
smarta
14%
stygga
14%
tät
14%
tillräckligt
14%
vart
14%
lyckats
0%
No matching quizzes found
Score Distribution
Percent of People with Each Score
Percentile by Number Answered
Your Score History
You have not taken this quiz